Montenegro... or Papua New Guinea? - Statistics

General Stats
  • This quiz has been taken 209 times
  • The average score is 12 of 15
Answer Stats
Question Answer % Correct
Used to be part of Yugoslavia Montenegro
100%
Its name means "black mountain" Montenegro
100%
Is located in Oceania Papua New Guinea
100%
Is mostly covered in tropical rainforest Papua New Guinea
100%
Has the larger area of the two Papua New Guinea
95%
Used to be known as Zeta Montenegro
90%
Has over 500 living languages Papua New Guinea
90%
Became independent in 1975 Papua New Guinea
85%
Is the wealthier of the two Montenegro
80%
Shares an abbreviation with a widely used image file format Papua New Guinea
80%
Has won a medal at the Olympic Games Montenegro
65%
Has a population of less than one million Montenegro
60%
Is majority Christian Both
50%
Has a prime minister Both
50%
Aluminium is one of its largest exports Montenegro
40%
No matching quizzes found
Score Distribution
Percent of People with Each Score
Percentile by Number Answered
Your Score History
You have not taken this quiz